Story of contemporary art

What does it mean? Is it really art? Why does it cost so much?" While these questions are perpetually asked about contemporary art, they are not the questions that E.H. Gombrich set out to answer in his seminal book 'The Story of Art'. Contemporary art is very different from what came...

Full description

Saved in:
Bibliographic Details
Main Author Godfrey, Tony (Author)
Format Electronic eBook
LanguageEnglish
Published London : Thames & Hudson, [2020]
Subjects
Online AccessFull text
ISBN9780500775820
9780262366045
9780262044103
9780500239872
Physical Description1 online zdroj (280 stran) : ilustrace

Cover

LEADER 00000nam a2200000 i 4500
001 115494
003 CZ-ZlUTB
005 20260416143926.0
006 m o d
007 cr cnu|||unuuu
008 201103t20202020enka ob 001 0 eng d
040 |a EBZ  |b eng  |c EBZ  |e rda 
020 |a 9780500775820  |q (electronic bk.) 
020 |a 9780262366045  |q (electronic bk.) 
020 |z 9780262044103 
020 |z 9780500239872 
100 1 |a Godfrey, Tony,  |e author. 
245 1 0 |a Story of contemporary art /  |c Tony Godfrey. 
264 1 |a London :  |b Thames & Hudson,  |c [2020] 
264 4 |c ©2020 
300 |a 1 online zdroj (280 stran) :  |b ilustrace 
336 |a text  |b txt  |2 rdacontent 
337 |a počítač  |b c  |2 rdamedia 
338 |a online zdroj  |b cr  |2 rdacarrier 
506 |a Plný text je dostupný pouze z IP adres počítačů Univerzity Tomáše Bati ve Zlíně nebo vzdáleným přístupem pro zaměstnance a studenty 
588 0 |a Online resource; title from PDF title page (EBSCO, viewed November 4, 2020). 
520 8 |a What does it mean? Is it really art? Why does it cost so much?" While these questions are perpetually asked about contemporary art, they are not the questions that E.H. Gombrich set out to answer in his seminal book 'The Story of Art'. Contemporary art is very different from what came before. From the 1960s, where Gombrich's account concludes, artists began to abandon traditional forms of art and started to make work that questioned art's very definition. This is where Godfrey picks up the story. Developments in contemporary art have followed no straightforward line of progress or sequence of movements. Recognizing this, Tony Godfrey creates a narrative from a series of often dramatic creative conflicts and arguments around what art is or should be. From object versus sculpture and painting versus conceptual to local versus global, gallery versus wider world, The Story of Contemporary Art traces a history in terms of drastic changes in social and political life over the last sixty years. How do we experience being human in a world that seems to change so quickly? In exploring art's relationship to this question, Godfrey asserts that multiple voices must be heard: critics, theorists, curators and collectors, but also audiences and artists themselves. Key to the book is the story of how a perception that art was made almost exclusively by white men from North America and Western Europe has been radically overturned. Compelling and intelligent, but never academic, this book tells us how. 
505 0 0 |t Introduction: On contemporary art and artists --  |t The wreckage of Modernism and after: 1945-1979 --  |t The return of painting: the early 1980s --  |t Taking the photograph seriously: the 1980s continued --  |t Sculpture, installations or commodities? Around 1987 --  |t National art or global art? 1989 --  |t For a community, oneself or one's soul? The late 1990s --  |t The spectacular or the everyday? 2000-2004 --  |t Storytelling or abstraction? 2005-2009 --  |t Auction art or Biennale art? 2010-2014 --  |t Art in the age of surveillance capitalism: 2015 onwards. 
650 0 |a Art, Modern  |y 20th century. 
650 0 |a Art, Modern  |y 21st century. 
655 7 |a elektronické knihy  |7 fd186907  |2 czenas 
655 9 |a electronic books  |2 eczenas 
776 0 8 |i Print version: Godfrey, Tony.  |t Story of contemporary art.  |d London : Thames & Hudson, 2020  |z 0500239878 
856 4 0 |u https://search.ebscohost.com/login.aspx?direct=true&scope=site&db=nlebk&db=nlabk&AN=3180220&authtype=ip,shib&custid=s3936755 
992 |c EBOOK-TN  |c EBSCO 
993 |x NEPOSILAT  |y EIZ 
999 |c 115494  |d 115494